000 00719nab a22002297a 4500
001 18217
003 HDC
007 cr bn ---aaaaa
008 210128c99999999my ||||o |||| 00| 00eng d
040 _aHDC
245 0 _aMini Thailand Week 2017 targets RM1.32 mln in business deals
336 _atext
_2rdacontent
337 _acomputer
_2rdamedia
338 _aonline resource
_2rdacarrier
650 _aBusiness
_9207
650 _aEconomic
_9313
710 _aThe Borneo Post
856 _zRequest full-text at [email protected]
942 _2lcc
942 _cNEWS
942 _kNWSO 007542
999 _c15533
_d15533